<?xml version="1.0" encoding="UTF-8"?>
<record
    xmlns:xsi="http://www.w3.org/2001/XMLSchema-instance"
    xsi:schemaLocation="http://www.loc.gov/MARC21/slim http://www.loc.gov/standards/marcxml/schema/MARC21slim.xsd"
    xmlns="http://www.loc.gov/MARC21/slim">

  <leader>01425nam a2200289   4500</leader>
  <controlfield tag="001">78485</controlfield>
  <controlfield tag="003">BD-RjUL</controlfield>
  <controlfield tag="005">20211209083132.0</controlfield>
  <controlfield tag="008">210927s19601380ua abch  b    000 0 ara d</controlfield>
  <datafield tag="035" ind1=" " ind2=" ">
    <subfield code="a">(BD-RjUL)78711</subfield>
  </datafield>
  <datafield tag="040" ind1=" " ind2=" ">
    <subfield code="a">WaU</subfield>
    <subfield code="c">WaU</subfield>
    <subfield code="d">CtY</subfield>
    <subfield code="d">UkOxU</subfield>
    <subfield code="b">eng</subfield>
  </datafield>
  <datafield tag="041" ind1=" " ind2=" ">
    <subfield code="a">ara</subfield>
  </datafield>
  <datafield tag="082" ind1=" " ind2=" ">
    <subfield code="2">23</subfield>
    <subfield code="a">946.02</subfield>
    <subfield code="b">IND 1960</subfield>
  </datafield>
  <datafield tag="100" ind1="1" ind2=" ">
    <subfield code="a">&#x639;&#x646;&#x627;&#x646;&#x60C; &#x645;&#x62D;&#x645;&#x62F; &#x639;&#x628;&#x62F; &#x627;&#x644;&#x644;&#x647; ;;&#x2BF;In&#x101;n, Mu&#x1E25;ammad &#x2BF;Abd All&#x101;h,</subfield>
    <subfield code="d">1896-</subfield>
    <subfield code="9">248549</subfield>
  </datafield>
  <datafield tag="245" ind1=" " ind2=" ">
    <subfield code="a">&#x62F;&#x648;&#x644;&#x629; &#x627;&#x644;&#x627;&#x633;&#x644;&#x627;&#x645; &#x641;&#x64A; &#x627;&#x644;&#x627;&#x646;&#x62F;&#x644;&#x633; &#x627;&#x644;&#x62E;&#x644;&#x627;&#x641;&#x629; &#x627;&#x644;&#x623;&#x645;&#x648;&#x64A;&#x629; &#x648;&#x627;&#x644;&#x62F;&#x648;&#x644;&#x629; &#x627;&#x644;&#x639;&#x627;&#x645;&#x631;&#x64A;&#x629; &#x627;&#x644;&#x639;&#x635;&#x631; &#x627;&#x644;&#x623;&#x648;&#x644; - &#x627;&#x644;&#x642;&#x633;&#x645; &#x627;&#x644;&#x62B;&#x627;&#x646;&#x64A; ;; dawlat aliaslam fi alandils alkhilafat al'umawiat waldawlat aleamiriat aleasr al'awal - alqism althaani /</subfield>
    <subfield code="c">&#x645;&#x62D;&#x645;&#x62F; &#x639;&#x628;&#x62F; &#x627;&#x644;&#x644;&#x647; &#x639;&#x646;&#x627;&#x646; ;; Mohammad Abdullah Anan </subfield>
  </datafield>
  <datafield tag="246" ind1="1" ind2="5">
    <subfield code="a">End of the Moorish empire in Spain and the history of the Moriscos</subfield>
  </datafield>
  <datafield tag="250" ind1=" " ind2=" ">
    <subfield code="a">al-&#x1E6C;ab&#x2BF;ah 3.</subfield>
  </datafield>
  <datafield tag="250" ind1=" " ind2=" ">
    <subfield code="a">&#x627;&#x644;&#x637;&#x628;&#x639;&#x629; &#x663;.</subfield>
  </datafield>
  <datafield tag="260" ind1=" " ind2=" ">
    <subfield code="a">al-Q&#x101;hirah :</subfield>
    <subfield code="b">Ma&#x1E6D;ba&#x2BF;at Lajnat al-Ta&#x2BC;l&#x12B;f wa-al-Tarjamah wa-al- Nashr,</subfield>
    <subfield code="c">1960</subfield>
  </datafield>
  <datafield tag="260" ind1=" " ind2=" ">
    <subfield code="a">&#x627;&#x644;&#x642;&#x627;&#x647;&#x631;&#x629; :</subfield>
    <subfield code="b">&#x645;&#x637;&#x628;&#x639;&#x629; &#x644;&#x62C;&#x646;&#x629; &#x627;&#x644;&#x62A;&#x623;&#x644;&#x64A;&#x641; &#x648;&#x627;&#x644;&#x62A;&#x631;&#x62C;&#x645;&#x629; &#x648;&#x627;&#x644;&#x646;&#x634;&#x631;&#x60C;</subfield>
    <subfield code="c">&#x661;&#x669;&#x666;&#x660;</subfield>
  </datafield>
  <datafield tag="300" ind1=" " ind2=" ">
    <subfield code="a">v. [672 p.] :</subfield>
    <subfield code="b">ill., facsims., maps, ports. ;</subfield>
    <subfield code="c">26 cm.</subfield>
  </datafield>
  <datafield tag="504" ind1=" " ind2=" ">
    <subfield code="a">Includes bibliography</subfield>
  </datafield>
  <datafield tag="505" ind1=" " ind2=" ">
    <subfield code="a"> Vol. 2.   The first era--   &#x627;&#x644;&#x639;&#x635;&#x631; &#x627;&#x644;&#x627;&#x648;&#x644; ...--&#x627;&#x644;&#x642;&#x633;&#x645; &#x627;&#x644;&#x62B;&#x627;&#x646;&#x64A;</subfield>
  </datafield>
  <datafield tag="650" ind1=" " ind2="0">
    <subfield code="a">Moriscos.</subfield>
    <subfield code="9">248550</subfield>
  </datafield>
  <datafield tag="651" ind1=" " ind2="0">
    <subfield code="a">Granada (Spain : Reino)</subfield>
    <subfield code="x">History.</subfield>
    <subfield code="9">248551</subfield>
  </datafield>
  <datafield tag="942" ind1=" " ind2=" ">
    <subfield code="2">ddc</subfield>
    <subfield code="c">BK</subfield>
  </datafield>
  <datafield tag="999" ind1=" " ind2=" ">
    <subfield code="c">78485</subfield>
    <subfield code="d">78485</subfield>
  </datafield>
  <datafield tag="952" ind1=" " ind2=" ">
    <subfield code="0">0</subfield>
    <subfield code="1">0</subfield>
    <subfield code="2">ddc</subfield>
    <subfield code="4">0</subfield>
    <subfield code="7">1</subfield>
    <subfield code="8">NFIC</subfield>
    <subfield code="a">RUCL</subfield>
    <subfield code="b">RUCL</subfield>
    <subfield code="c">Reading</subfield>
    <subfield code="d">2021-09-27</subfield>
    <subfield code="l">0</subfield>
    <subfield code="o">A 946.02 IND V-2 1960</subfield>
    <subfield code="r">2021-09-27 00:00:00</subfield>
    <subfield code="t">C-1</subfield>
    <subfield code="w">2021-09-27</subfield>
    <subfield code="y">BK</subfield>
  </datafield>
</record>
